| 000 | 01248cab a2200277 4500 | ||
|---|---|---|---|
| 001 | ABS58076 | ||
| 008 | 090401t1997 xxu||||| |||| 00| 0 eng d | ||
| 035 | _a(Sirsi) u82667 | ||
| 041 | _aeng | ||
| 245 | _aChartered Trusts plc v Davies | ||
| 260 | _c1997 | ||
| 350 | _a0 | ||
| 490 |
_aEstates Gazette _v[1997] 49 EG 135-140(6) |
||
| 520 | _aCA 31 July 1997. D held lease of a shop in a shopping mall. The adjacent unit was later let to a pawnbroker who erected a sign that restricted light and attracted customers who had little money to spend and waited outside D`s shop. D witheld rent and disclaimed the lease, claiming that the landlords had derogated from their grant by failing to control the nuisance. C, the mortgagees in possession, claimed arrears for rent and an order to comply with a keep open covenant. Their appeal against an earlier ruling was also dismissed. | ||
| 650 | _aCHARTERED TRUST PLC V DAVIES | ||
| 650 | _aDEROGATION FROM GRANT | ||
| 650 | _aLANDLORDS OBLIGATIONS | ||
| 650 | _aLEASES | ||
| 650 | _aNUISANCE | ||
| 650 | _aRENT ARREARS | ||
| 650 | _aREPUDIATION OF LEASE | ||
| 650 | _aSHOPPING MALLS | ||
| 690 | _aLANDLORD AND TENANT-CASE LAW-BUSINESS TENANCIES | ||
| 942 | _n0 | ||
| 948 | _c15/12/1997 | ||
| 999 |
_c52210 _d52210 |
||